000 00809nam a22002297a 4500
999 _c19902
_d19902
003 AR-CdUCM
008 190515b ||||| |||| 00| 0 spa d
020 _a84 - 291 - 2033 - 5
040 _aMUNICIPALIDAD PROVINCIAL DEL CUSCO
_cBIBLIOTECA MUNICIPAL DEL CUSCO
082 _a624 /
_bG81
_22ed.
100 _aGalabru, Paul /
_939500
245 _aTratado de procedimientos generales de construcción :
_bCimentaciones y túneles /
260 _aBarcelona :
_bReverté,
_c1977.
300 _a420 páginas ;
_c23 cm.
_bIlustraciones a b/n
505 _aContenido : Pilotes de madera -- Pilotes prefabricados de hormigón -- Tablestacas...
650 _aMaquinaria
_939501
650 _aObra
_91250
650 _aTierra
_9337
650 _aPilotes
_941610
942 _2ddc
_cLIBROS
945 _aAndy
_d2019-05-23